Przypasuj miasto do państwa - Statystyki

Ogólne statystyki
  • Ten quiz został rozwiązany 22 razy
  • Średni wynik to 40 z 51
Statystyki odpowiedzi
miasto państwo % Poprawnych
Rio de Janeiro Brazylia
100%
Hangzhou Chiny
100%
Montpellier Francja
100%
Toronto Kanada
100%
Poznań Polska
100%
Jakuck Rosja
100%
Dallas Stany Zjednoczone
100%
Charków Ukraina
100%
Turyn Włochy
100%
Ostrawa Czechy
95%
Bilbao Hiszpania
95%
Groningen Holandia
95%
Kowno Litwa
95%
Guadalajara Meksyk
95%
Bielefeld Niemcy
95%
Goteborg Szwecja
95%
Melbourne Australia
90%
Antwerpia Belgia
90%
Osaka Japonia
90%
Hawana Kuba
90%
Porto Portugalia
90%
Genewa Szwajcaria
90%
Izmir Turcja
90%
Cork Irlandia
86%
Pretoria Republika Południowej Afryki
86%
Debreczyn Węgry
86%
Warna Bułgaria
81%
Mumbaj Indie
81%
Bergen Norwegia
81%
Kluż-Napoka Rumunia
81%
Glasgow Wielka Brytania
81%
Medyna Arabia Saudyjska
76%
Witebsk Białoruś
76%
Tampere Finlandia
76%
Medellin Kolumbia
76%
Busan Korea Południowa
76%
Casablanca Maroko
76%
Tyraspol Mołdawia
76%
Lagos Nigeria
71%
Karaczi Pakistan
67%
Sucre Boliwia
62%
Kinszasa Demokratyczna Republika Konga
52%
Karaganda Kazachstan
52%
Tainan Tajwan
48%
Herat Afganistan
43%
Gandża Azerbejdżan
43%
Guayaquil Ekwador
43%
Narwa Estonia
43%
Surabaja Indonezja
43%
Hetauda Nepal
43%
Kampala Uganda
43%
Nie znaleziono quizów pasujących do podanych kryteriów
Rozkład punktacji
Procent ludzi z każdym wynikiem
Percentyl według liczby udzielonych odpowiedzi
Twoja historia wyników
Nie rozwiązałeś tego quizu